000 00948nam a22002535i 4500
001 156115
003 ES-MaACL
005 20230906210326.0
008 051017s1870 ne | |||||||| ||lat d
040 _aCAM
_bspa
_cCAM
100 1 _aIstahri, Ibrahim ibn Muhammad Abu Ishaq al.
_9128214
245 1 0 _aViae regnorum
_b: descriptio ditionis moslemicae /
_cauctore Abu Ishák al-Fárisí al-Istakhrí; edidit M.J. de Goeje.
260 _aLugduni Batavorum :
_bapud E.J. Brill,
_c1870.
300 _aXI, 348 p. ;
_c24 cm.
490 1 _aBibliotheca geographorum arabicorum ;
_v1
500 _aPort. adic. en árabe.
597 _aTexto en árabe.
651 4 _aImperio islámico-
_xGeografía-
_vFuentes.
_9147601
700 1 _aGoeje, M. J. de (
_d1836-1909)
_9127350
740 0 _aKitab Masalik al-mamalik.
830 0 _aBibliotheca geographorum arabicorum ;
_v1
_9188011
852 _aES-MaACL
_jG-1512
_z-- Enc. hol.
999 _c156115
_d156115